000 00598nam a2200169 i 4500
001 141916
003 ES-MaACL
007 t|
008 071001s1953 sp ||||1| spa d
100 1 _aViñes, Víctor.
_9115392
245 1 0 _aAl pie del Benacantil
_b: (costumbres, tradiciones y retazos de historia de Alicante) /
_cVíctor Viñes ; prólogo de... Luis Pérez Bueno.
260 _a[Alicante :
_bs.n.],
_c1953 (
_fImp. Sucs. Such y Serra)
300 _a198 p. ;
_c22 cm.
651 4 _aAlicante-
_xHistoria.
_97681
700 1 _aPérez Bueno, Luis.
_990681
852 _aES-MaACL
_jC-6212
_bR.35145
999 _c141916
_d141916